Women in decision making (Record no. 686133)

MARC details
000 -LEADER
fixed length control field 00868nam a2200253Ia 4500
003 - CONTROL NUMBER IDENTIFIER
control field OSt
005 - DATE AND TIME OF LATEST TRANSACTION
control field 20220927104119.0
008 - FIXED-LENGTH DATA ELEMENTS--GENERAL INFORMATION
fixed length control field 220926b |||||||| |||| 00| 0 eng d
037 ## - SOURCE OF ACQUISITION
Terms of availability Reference Collections
040 ## - CATALOGING SOURCE
Original cataloging agency RTL
Transcribing agency RTL
Language of cataloging eng
041 ## - LANGUAGE CODE
Source of code eng
Language code of text/sound track or separate title eng
110 ## - MAIN ENTRY--CORPORATE NAME
Corporate name or jurisdiction name as entry element "United Nations, Social Development and Humanitarian Affairs (Centre for-)"
9 (RLIN) 364223
245 #0 - TITLE STATEMENT
Title Women in decision making
Remainder of title Case study on Costa Rica
260 ## - PUBLICATION, DISTRIBUTION, ETC.
Place of publication, distribution, etc. New
Name of publisher, distributor, etc. York UN
Date of publication, distribution, etc. 1991
300 ## - PHYSICAL DESCRIPTION
Extent 59p
Dimensions cm.
650 ## - SUBJECT ADDED ENTRY--TOPICAL TERM
Topical term or geographic name entry element Women Sociology
9 (RLIN) 364224
700 ## - ADDED ENTRY--PERSONAL NAME
Personal name "United Nations, Social Development and Humanitarian Affairs (Centre for-)"
9 (RLIN) 364225
942 ## - ADDED ENTRY ELEMENTS (KOHA)
Classification part "Y15-9(X:87).758.N9, N1/UN"
Koha item type

No items available.

Copyright @ Delhi University Library System